000 00339nam a2200097Ia 4500
005 20250424112844.0
008 250424s9999 xx 000 0 und d
300 _aix, 204 p. :ill. ; 24 cm.
650 _aCommunication--Periodicals. Mass media--Periodicals. Communication--Nigeria--Periodicals. Mass media--Nigeria--Periodicals.
942 _cSR
999 _c37518
_d37518